000 00400nmm a2200145Ia 4500
008 251105s9999||||xx |||||||||||||||||und||
041 _aspa
100 _aSzafir, Ezequiel
245 0 _aParís 2041
264 _a[Madrid, España] :
_bEdiciones B,
_c2015
300 _a344 páginas
650 _aLatin American narrative
856 _uhttps://public.digitaliapublishing.com/a/54159
942 _cCF
999 _c105521
_d105521